Canciones populares de Latinoamerica de 2023 - Estadísticas

Estadísticas generales
  • Esta prueba ha sido intentada 247 veces
  • La puntuación promedio es 9 de 10
Estadísticas de respuestas
Hint Respuesta % Correcto
TQG KAROL G, Shakira
97%
un x100to Grupo Frontera, Bad Bunny
95%
WHERE SHE GOES Bad Bunny
93%
Bzrp Music Sessions vol. 53 Shakira, Bizarrap
92%
Yandel 150 Yandel, Feid
92%
Columbia Quevedo
88%
LALA Myke Towers
86%
Ella Baila Sola Eslabon Armado, Peso Pluma
85%
CLASSY 101 Feid, Young Miko
84%
BESO Rosalia, Rauw Alejando
74%
No se encontraron pruebas coincidentes
Distribución de puntuación
Porcentaje de gente con cada puntuación
Porcentaje por número respondido
Historial de tus puntuaciones
No has intentado esta prueba.